000 00456nam a2200157Ia 4500
008 100122s9999 xx 000 0 und d
082 _b13235
_a823
100 _aखांडेकर वि स
245 _aजळलेला मोहर
250 _a2
260 _bदेशमुख आणि कंपनी
_c1962
300 _a219
630 _aजळलेला मोहर
730 _aजळलेला मोहर
942 _cBOOK
999 _c404096
_d404093